| 000 | 00720cam a22002172 4500 | ||
|---|---|---|---|
| 001 | 0000002973 | ||
| 005 | 20151217151910.0 | ||
| 008 | 070424s xx 000 0 eng d | ||
| 040 |
_aKABU _cKABU |
||
| 050 | 0 |
_aHG3881.5 _b.W57L46 |
|
| 245 | 1 | 0 |
_aLending credibility : _bnew mandates, and partneships for the World Bank / _cPeter BossHard ... [et al.] |
| 260 |
_aMexico : _bPueblo, _c1996. |
||
| 300 | _a197 p. | ||
| 650 | 0 |
_aWorld Bank. _@0000152532 |
|
| 700 | 1 |
_aBosshard, Peter. _@0000152533 |
|
| 908 | _a070424 | ||
| 950 | _@1 | ||
| 999 |
_c6141 _d6141 |
||